000 00238nam a22000857a 4500
008 160928b xxu||||| |||| 00| 0 eng d
100 _9817
_aBalasubramaniam.P.
245 _aActivity Book bridges-1
260 _aNew Delhi
_bFrank Publications
_c2012
999 _c3471
_d3471